| 000 | 01001cam a22002771 4500 | ||
|---|---|---|---|
| 001 | 25080 | ||
| 003 | BD-RjUL | ||
| 005 | 20211209050828.0 | ||
| 008 | 140316s1952 enkf b 000 0 eng d | ||
| 035 | _a(BD-RjUL)25149 | ||
| 035 | _a(OCoLC)1073284 | ||
| 040 |
_aDLC _cOClW _dUk _dDLC _dBD-RjUL _beng |
||
| 041 | 1 |
_aeng _hfre |
|
| 082 | 0 | 0 |
_a321.3 _bGAF 1952 |
| 100 | 1 |
_aGanshof, F. L. _q(François Louis), _d1895-1980. _977159 |
|
| 245 | 1 | 0 |
_aFeudalism / _cby F. L. Ganshof. Translated by Philip Grierson with a foreword by Sir F. M. Stenton. |
| 260 |
_aLondon ; _aNew York : _bLongmans, Green, _c1952 |
||
| 300 |
_axix, 160 p. : _bplate. ; _c23 cm. |
||
| 500 | _a"Translated from the French of the 2nd edition of 'Qu'est-ce que la féodalité?' ... but having numerous corrections and additions." | ||
| 504 | _aIncludes bibliographical references. | ||
| 650 | 0 |
_aFeudalism. _977160 |
|
| 942 |
_2ddc _cBK |
||
| 999 |
_c25080 _d25080 |
||